000 00591nam a2200205 a 4500
001 BRCA_2199
005 20190320203718.0
008 890526r1989----maua---##b---#001-0#eng-#
020 _a0500235554
040 _aDLC
_cDLC
_dDLC
050 4 _aN6465
_b.H37 1989
100 1 _aHaslam, Malcolm
_92278
245 1 0 _aIn the Nouveau Style
_cMalcolm Haslam.
260 _aLondon
_bThames and Hudson
_c1989
300 _a224 p.
_bil. (algunas a color)
_c26 cm.
500 _aIncluye índice de nombres
504 _aBibliografía : p. 220
650 1 4 _aArte nouveau
_xHistoria
_96625
942 _2lcc
_cB
999 _c1955
_d1955